00614nam a2200205 a 450000100060000000300090000600800410001502000150005604000280007108200130009910000280011224500440014026000630018430000280024750000220027565000390029765000130033665000210034965000380037012266CO-ViMGA141112s2004 ck r 000 u spa d a9589045170 aCO-ViMGAbspacCO-ViMGA04a508 H85i1 aHumboldt, Alexander van10aIdeas para una geografia de las plantas aBogotá, cJardin Botanico "Jose Celestino Mutis", c1985 aXX, iv, 178 p. il. mapa aPeridiocidad : SG14aANIMALES - DISTRIBUCION GEOGRAFICA14aECOLOGIA14aHISTORIA NATURAL14aPLANTAS - DISTRIBUCION GEOGRAFICA